00482nam a2200169 a 4500001001300000003000900013005001700022008004100039020001000080082002100090245005200111260005200163300000900215500003500224650001500259710003800274nice12345678IN_TiNIC20260116011650.0050524s1922 laha grp 000 0 eng  ac25000a220.591439bBRI1 aKitab-E-muqaddas Yani Purana Aur Naya Ahadnamah aLahorebBritish and Foreign Bible Societyc1922 a302p aincludes index and biblioraphy aBible-Urdu2 aBritish and Foreign Bible Society